Регионална библиотека "Любен Каравелов" - Русе

Поети на селото (Запис номер 167835)

MARC детайли
000 -Лидер
Контролно поле с фиксирана дължина 02482nam a2200457 c 4500
003 - Код на организацията, давaща контролен номер
Контролно поле BLK
005 - Дата и час на последна редакция
Контролно поле 20240410142101.0
008 - Елементи от данни с фиксирана дължина
fixed length control field 180411b bul|||||r ||||||| ||bul||
010 ## - Наследен системен номер
LC control number KNG00175677000
040 ## - Източник на каталожния запис
Идентификатор на билиотеката - собственик на записа BLK
041 ## - Код за език
Код за езика на текст/звукозапис или на отделно заглавие Български
Код за езика КДБФ Български
072 #7 - Код за тематичната категория
Код организация bullib
Код за тематична категория А
Текст Фонд Михаил Арнаудов
072 #7 - Код за тематичната категория
Код организация bullib
Код за тематична категория Я
Текст Автографи
080 ## - УДК
Текстов определител УДК Българска литература
УДК код - определител по УДК 821.163.2
УДК определител .09
УДК - код + определител 821.163.2.09
100 ## - Редна дума - Автор
Автор Добрев, Димитър
Автор - информация (биография) Поет, писател, преводач от руски език. Основател и издател на вестник "Светлоструй"
Дати, свързани с автора 1904-1985
Пълна форма на името Димитров, Димитър Добрев
R(LIN) 364701
139 ## - Редно поле
Редна дума Добрев, Димитър
Авторски знак До - Д 66
245 10 - Сведения за заглавието
Заглавие Поети на селото
Подзаглавни данни Лит. скици
Редно поле (дума) Димитър Добрев
257 ## - Страна на издаване
Страна на създаване/издаване България
260 ## - Област на издателските данни
Име на издателя, разпространителя и проч. кооп. Земя и култура
Година на издаване 1947
Печатница София : Пирин
300 ## - Физическа характеристика
Страници 160 с.
Размери/Мащаб 19 см
380 ## - Жанр
Жанр Литературознание
490 ## - СЕРИИ (Колекции)
9 (RLIN) 396381
Име на серия Частна колекция - Академик Михаил Арнаудов
Бележки за серията Дарение - Основен фонд
500 ## - Общи забележки
Забележка Фонд Михаил Арнаудов - Писмо: Ув. г. Арнаудов, книжката ми има много грешки, които я обезобразяват. Моля да ми съобщите Вашето мнение в няколко реда, макар, защото Вашето мнение ми е много ценно. - Сърдечно Ваш: Добрев София, 1. ІІІ. 48 Гр. Игнатиев № 11 - София. - Мека подв., неразрязана
500 ## - Общи забележки
Забележка Автограф с текст: На любимия човек, писател и искренно почитан критик г. проф. М. Арнаудов в знак на добри чувства. Добрев 1. ІІІ. 48 София
650 #4 - Допълнително описание по предмет – тема
Основно описание – тема или топоним Българска литература - история
9 (RLIN) 246271
659 ## - Тематичен бюлетин
Тематичен бюлетин А
659 ## - Тематичен бюлетин
Тематичен бюлетин Я
852 ## - Местоположение
Форматна сигнатура Цб І 40202
852 ## - Местоположение
Форматна сигнатура К 8/Д 66 Д
852 ## - Местоположение
Форматна сигнатура МА 543
Фондова буква Фонд "Михаил Арнаудов"
856 4# - Електронен адрес и достъп
Електронен формат pdf - файл
Инструкция (цена за достъп) 0.00
Права за достъп disable
856 4# - Електронен адрес и достъп
Електронен формат pdf - файл
Инструкция (цена за достъп) 0.00
Права за достъп disable
999 ## - СИСТЕМНИ КОНТРОЛНИ НОМЕРА
Koha biblionumber 167835
Koha biblioitemnumber 167835
942 ## - АРТИКУЛИ
Вид на библиотечния материал Книги
Скрит в OPAC Не
Периодичен библиозапис Да
Koha issues (borrowed), all copies 1
944 ## - СЪЗДАВАНЕ И РЕДАКЦИЯ на ЗАПИСА
Създаване/Редакция Създаване
Дата на регистрацията/редакция 22.05.2015
Служител, извършил регистрацията/редакцията 30546
Статус, дата на статуса Ренета Константинова
944 ## - СЪЗДАВАНЕ И РЕДАКЦИЯ на ЗАПИСА
Създаване/Редакция Редакция
Дата на регистрацията/редакция 13.06.2017
Служител, извършил регистрацията/редакцията Геновева_Генчева
999 ## - СИСТЕМНИ КОНТРОЛНИ НОМЕРА
Koha biblioitemnumber 167835
999 ## - СИСТЕМНИ КОНТРОЛНИ НОМЕРА
Koha biblioitemnumber 167835
999 ## - СИСТЕМНИ КОНТРОЛНИ НОМЕРА
Koha biblioitemnumber 167835
999 ## - СИСТЕМНИ КОНТРОЛНИ НОМЕРА
Koha biblioitemnumber 167835
999 ## - СИСТЕМНИ КОНТРОЛНИ НОМЕРА
Koha biblioitemnumber 167835
Наличности
Код за отписване Код за изгубен артикул Източник на класификационната схема Код за повреда Коз за рестрикции Код за отдаване Артикулен № Име на библиотеката - собственик Име на библиотеката, в която се намира в момента Статус (Текущо местоположение) Дата на вписване в системата Местоположение - отдел Цена в лева Инвентарен номер Систематично азбучна сигнатура Баркод Номер на екземпляра Цена в евро Служебна бележка Служебен тип на артикула Номерация (Хронология)
  Не е изгубен Universal Decimal Classification Не е повреден без рестрикции ползва се в читалня 282861 Регионална библиотека "Любен Каравелов" Русе Регионална библиотека "Любен Каравелов" Русе Краезнание 1947-01-01 Краезнание 1.80 172406 К 8/Д 66 Д 120000172406 1 0.92 N: Сф Дата: 01.01.1947 Дата инв: 16.11.2017 Бележки инв: К2017 Книги  
  Не е изгубен Universal Decimal Classification Не е повреден без рестрикции ползва се в читалня 282862 Регионална библиотека "Любен Каравелов" Русе Регионална библиотека "Любен Каравелов" Русе Хранилище 1947-01-01 Основен фонд - ползва се само за читалня 1.80 172409 Цб І 40202 120000172409 2 0.92 N: стар фонд Дата: 01.01.1947 Книги  
  Не е изгубен Universal Decimal Classification Не е повреден само за читалня Специални фондове ( старопечатни, редки и ценни, фонд М. Арнаудов) 282863 Регионална библиотека "Любен Каравелов" Русе Регионална библиотека "Любен Каравелов" Русе Фонд "Михаил Арнаудов" 1973-01-01 Фонд "Михаил Арнаудов" 20.00 587389 МА 543 120000587389 3 10.23 Дост: DA Вид: А N: стар фонд Дата: 01.01.1973 Книги Автограф: Димитър Добрев
Vip Innovations Ltd, Rousse, Bulgaria 2025